000 00293nam a2200121 a 4500
008 101213s1960|||| d
100 1 _aChopin, Frederyk
245 1 0 _aListy
_bVýber z korešpondencie
260 _bSVKL
_aBratislava
_c1960
020 _c21,70
044 _axo
_cSK
041 _aslo
999 _c15213
_d15213